000 00358nam a22001457a 4500
005 20241015160503.0
008 241015b |||||||| |||| 00| 0 eng d
020 _a084232920X
050 _aPS3562.A315A94 1999
100 _aLEHAYE TIM
245 _aASSASSINS
260 _aILLINOIS
_bTYNDALE HOUSE PUBLISHERS
_c1999
300 _aX,417
942 _2lcc
_cBK
999 _c213012
_d213012